02868nas a22002417a 450000500170000000700120001700800410002902200160007004000090008608200150009521000230011024500690013326000380020230000160024031000150025636500160027150007510028754614670103865000640250565100100256965500140257985600330259320200515103318.0cz aa aaaaa200428c b||poo|||| 00| 0 eng d a 2455-2232  coclc a491bJOU/H aInt. J. Hindi Res. aInternational Journal of Hindi Researchhe-Journal (Open Access) bGupta PublicationsaDelhi, India  aPDF(online) aBi-Monthly eOpen Access aInternational Journal of Hindi Research is a Peer Reviewed Journal. Prime focus of the journal is to publish articles related to the Hindi studies. This journal provides platform with the aim of motivating students and personnel in Hindi Research. International Journal of Hindi Research considers review and research articles related to: Hindi Literature, Ancient Indian Sciences (In Hindi), Computation Linguistics, Culture, Epics, Grammar, History, Indian Aesthetics and Politics, Puranas, Religion, Sahitya, Veda, Vedic Studies, Buddhist Literature, Indian and Western Logical Systems, Indian Discourse Analysis, Indian Philosophy, Indian Socio-Political Thought, Indological Studies, Jain Literature, Hindu Astrology (Jyotiḥśāstra).  aइंटरनेशनल जर्नल ऑफ़ हिन्दी रिसर्च पत्रिका का प्राइम फोकस हिंदी की पढ़ाई से संबंधित लेख प्रकाशित करने के लिए है। यह पत्रिका हिन्दी अनुसंधान में छात्रों और कर्मियों को प्रेरित करने के उद्देश्य के साथ मंच प्रदान करता है। हिन्दी साहित्यए प्राचीन भारतीय विज्ञान (हिन्दी में), संगणना भाषा विज्ञान, संस्कृति, महाकाव्य, व्याकरण, इतिहास, भारतीय सौंदर्य और राजनीति, पुराणों, धर्म, साहित्य, वेद, वैदिक अध्ययन, बौद्ध साहित्य, भारतीय और पश्चिमी तार्किक सिस्टम, भारतीय प्रवचन विश्लेषण, भारतीय दर्शन, भारतीय सामाजिक-राजनीतिक चिंतन, Indological अध्ययन, जैन साहित्य, हिंदू ज्योतिष । 0aLanguagevEast Indo-European & Celtic languagesxHindi  0aIndia 0ae-Journal uhttp://www.hindijournal.com/